<?xml version="1.0" encoding="UTF-8"?>
<record
    xmlns:xsi="http://www.w3.org/2001/XMLSchema-instance"
    xsi:schemaLocation="http://www.loc.gov/MARC21/slim http://www.loc.gov/standards/marcxml/schema/MARC21slim.xsd"
    xmlns="http://www.loc.gov/MARC21/slim">

  <leader>01812nam a22002417a 4500</leader>
  <controlfield tag="005">20220317100431.0</controlfield>
  <controlfield tag="008">220317b           ||||| |||| 00| 0 eng d</controlfield>
  <datafield tag="020" ind1=" " ind2=" ">
    <subfield code="a">9788126517299</subfield>
  </datafield>
  <datafield tag="040" ind1=" " ind2=" ">
    <subfield code="c">AL</subfield>
  </datafield>
  <datafield tag="041" ind1=" " ind2=" ">
    <subfield code="a">English</subfield>
  </datafield>
  <datafield tag="082" ind1=" " ind2=" ">
    <subfield code="2">23</subfield>
    <subfield code="a">543.65</subfield>
    <subfield code="b">BARM</subfield>
  </datafield>
  <datafield tag="100" ind1=" " ind2=" ">
    <subfield code="a">James Barker</subfield>
    <subfield code="9">23978</subfield>
  </datafield>
  <datafield tag="245" ind1=" " ind2=" ">
    <subfield code="a">Mass Spectrometry</subfield>
  </datafield>
  <datafield tag="250" ind1=" " ind2=" ">
    <subfield code="a">2</subfield>
  </datafield>
  <datafield tag="260" ind1=" " ind2=" ">
    <subfield code="a">New York</subfield>
    <subfield code="b">John Wiley and Sons</subfield>
    <subfield code="c">2008</subfield>
  </datafield>
  <datafield tag="300" ind1=" " ind2=" ">
    <subfield code="a">xxii,509 p.</subfield>
    <subfield code="b">PB</subfield>
    <subfield code="c">23x15 cm.</subfield>
  </datafield>
  <datafield tag="365" ind1=" " ind2=" ">
    <subfield code="a">6321</subfield>
    <subfield code="b">&#x20B9;2726.10</subfield>
    <subfield code="c">&#x20B9;</subfield>
    <subfield code="d">&#x20B9;3495.00</subfield>
    <subfield code="e">22%</subfield>
    <subfield code="f">08-03-2022</subfield>
  </datafield>
  <datafield tag="520" ind1=" " ind2=" ">
    <subfield code="a">This is the second edition of the ACOL text on Mass Spectrometry, and has been thoroughly updated to give a modern approach to those beginning to use or studymass spectrometry. As well as covering the basics of the subject, in chapters on Ion Sources and Methods of Ionisation, Mass Analysis, Ion Detection and Fragmentation Patterns, the author has also included chapters on tandem techniques (Gas and Liquid Chromatography - Mass Spectrometry and Mass Spectrometry - Mass Spectrometry) and on Atomic Mass Spectrometry, including Inductively-Coupled Plasma Mass Spectrometry (ICPMS). As with all the books in the ACOL series, self assessment questions and solutions are included. Table Of Contents: ?Introduction ?Ion Sources and Methods of Ionisation; ?Mass Analysis ?Ion Detection and Computer-Aided Data Processing ?Use of Isotopes in Mass Spectrometry ?The Mass Spectrum, Metastables and Fragmentation of Positive Ions ?Typical Fragmentation Patterns of Common Functional Groups ?Chromatography with Mass Spectrometry ?Atomic Mass Spectrometry Special Features: ?All newcomers to the technique of Mass Spectrometry ?Technicians using Mass Spectrometry</subfield>
  </datafield>
  <datafield tag="650" ind1=" " ind2=" ">
    <subfield code="a">Mass Spectrometry</subfield>
    <subfield code="9">23979</subfield>
  </datafield>
  <datafield tag="700" ind1=" " ind2=" ">
    <subfield code="a">BARKER (James)</subfield>
    <subfield code="9">23980</subfield>
  </datafield>
  <datafield tag="700" ind1=" " ind2=" ">
    <subfield code="a">ANDO (David J) Ed</subfield>
    <subfield code="9">23981</subfield>
  </datafield>
  <datafield tag="942" ind1=" " ind2=" ">
    <subfield code="2">ddc</subfield>
    <subfield code="c">BK</subfield>
  </datafield>
  <datafield tag="999" ind1=" " ind2=" ">
    <subfield code="c">221926</subfield>
    <subfield code="d">221926</subfield>
  </datafield>
  <datafield tag="952" ind1=" " ind2=" ">
    <subfield code="0">0</subfield>
    <subfield code="1">0</subfield>
    <subfield code="2">ddc</subfield>
    <subfield code="4">0</subfield>
    <subfield code="7">0</subfield>
    <subfield code="8">OTH</subfield>
    <subfield code="a">AL</subfield>
    <subfield code="b">AL</subfield>
    <subfield code="d">2022-03-10</subfield>
    <subfield code="e">Biblios Book Point</subfield>
    <subfield code="g">2726.10</subfield>
    <subfield code="l">1</subfield>
    <subfield code="o">543.65 BARM</subfield>
    <subfield code="p">075620</subfield>
    <subfield code="r">2024-05-09 00:00:00</subfield>
    <subfield code="s">2023-08-18</subfield>
    <subfield code="v">3495.00</subfield>
    <subfield code="w">2022-03-17</subfield>
    <subfield code="y">BK</subfield>
  </datafield>
</record>
